| 000 | 00727nam a2200217 a 4500 | ||
|---|---|---|---|
| 999 |
_c5849 _d5849 |
||
| 001 | 5849 | ||
| 003 | BD-JhCC | ||
| 005 | 20171228124051.0 | ||
| 008 | 171228s1470 bg |||| ||a| 000 0 ben d | ||
| 035 | _a(BD-JhCC)5849 | ||
| 040 |
_aBD-JhCC _dBD-JhCC |
||
| 041 | _aben | ||
| 082 |
_a297 _bSHA 1470 |
||
| 100 | _aশাকুর, মুহাম্মদ আবদুশ | ||
| 245 |
_aমুসলিম বিশ্বের নৈতিক পাঠক্রম / _cমুহাম্মদ আবদুশ শাকুর |
||
| 260 |
_aঢাকা : _bইসলামিক ফাউন্ডেশন, _c1470. |
||
| 300 |
_a203 p. : _c22 cm. |
||
| 650 |
_aIslam _xCharacter building |
||
| 942 |
_2ddc _cBK |
||